000 00335nam a2200121Ia 4500
008 220120s9999||||xx |||||||||||||| ||und||
100 _aKuo, Benjamin, C
245 0 _aAutomatic control sy ems
250 _a7th
260 _aPrentice hall of india
_bNew Delhi
_c2003
300 _aXII,826p
_b0
650 _aELECTRONICS AND COMMUNICATIONS
999 _c132427
_d132427